000 00766nam a2200205Ii 4500
003 JO-AjNU
008 230605s9999||||xx |||||||||||||| ||und||
017 _a1985/2/81
040 _aJO-AjNU
_bara
_erda
_cJO-AjNU
041 _aara
050 1 4 _aBF712.M8278.1985
100 3 _aمدانات،أوجيني,
_eauthor
_910486
245 0 0 _aسيكولوجية الطفل:نمو الطفل الإجتماعي واللغوي والعقلي منذ الولادة وحتى سن ما قبل المدرسة
264 3 1 _aعمان:دار مجدلاوي للنشر والتوزيع ،1985
300 _a61ص
336 _atext
_btxt
_2rdacontent
337 _aunmediated
_bn
_2rdamedia
338 _avolume
_bnc
_2rdacarrier
650 4 _aالاطفال-علم النفس
_910487
999 _aA1830
_c5398
_d5398